Introduction to patents information

Saved in:
Bibliographic Details
Corporate Author: The British Library Science Reference and Information Service Patents Information Staff
Other Authors: Van Dulken, Stephen (Editor)
Format: Book
Language:English
Published: London : British Library, Science Reference and Information Service, c1998
Edition:3rd ed.
Subjects:
Tags: Add Tag
No Tags, Be the first to tag this record!

MARC

LEADER 00000nam a2200000 i 4500
001 1/2735
008 000511s1998 z eng d
020 |a 0712308385 
035 |l 10060547 
040 |a GR-MY-UA  |b gre  |e aacr 
041 0 |a eng 
082 0 |a 028.70272 
245 1 0 |a Introduction to patents information /  |c prepared by Patents Information Staff ; edited by Stephen Van Dulken 
250 |a 3rd ed. 
260 |a London :   |b British Library, Science Reference and Information Service,   |c c1998 
300 |a vi, 121 σ.;  |b εικ.;  |c 30 εκ. 
500 |a Previous ed.: 1992 
504 |a Περιέχει βιβλιογραφικές παραπομπές (σ. 97-108) και ευρετήριο 
650 0 0 |a Patent searching  |z Great Britain. 
700 1 |a Van Dulken, Stephen.  |4 edt 
710 2 |a The British Library  |b Science Reference and Information Service  |b Patents Information Staff. 
852 |a INST  |b LESVOS  |e 20000511  |h 028.70272 INT  |p 005100021245  |q 005100021245  |t BK  |y 0 
901 |a BIBL1-2000-2 
909 |a Λ  |b 066082 
922 |a 1ΕΛΗ  |b 199906  |c ΚΠΣ/ΚΥΒ  |d LEADER 
950 |a 023-1998-09-14 
970 |z 2000/05/ΜΙΧΑΗΛΙΔΟΥ ΑΝΝΑ